000 00487nam a2200181Ia 4500
001 22354
005 20260414150825.0
008 260414t2011||||xx |||||||||||||| ||spa||
041 _aESP
082 _a621.367
_bS66
100 _aSolomon, Chris
_eAUT
245 0 _aFundamentals of digital image processing :
_ba practical approach with examples in Matlab
260 _c2011
300 _axiv, 328 páginas :
_c24 cm.
650 _aTCA
654 _aCET
942 _cLIB
_dJUS
_fJUS
_2ddc
_n
999 _c22354
_d22354